01236cam a2200325 4500001001100000003000700011005001700018007000300035008004100038035002300079035002200102035002500124035002000149040004000169041000800209084001200217084003700229100002800266245005800294264003400352300001000386336002600396337004600422338002500468490004100493500001500534653006800549787015000617787014300767111707143XDE-62720221128115806.0tu950808s1926 xx ||||| 00| ||ger c a(DE-627)111707143X a(DE-576)047071435 a(DE-599)BSZ047071435 a(OCoLC)56587232 aDE-627bgercDE-627erakwbdDE-2950 ager a12ssgn aBO 17802rvk0(DE-625)rvk/14029:1 aBräutigam, Ernst4aut10aBenedikt von Nursia und sein OrdencErnst Bräutigam 1aLeipzigbQuelle & Meyerc1926 a52 S. aTextbtxt2rdacontent aohne Hilfsmittel zu benutzenbn2rdamedia aBandbnc2rdacarrier0 aReligionskundliche Quellenbücherei aIn Fraktur aMontecassino, Benedikt; Abt, Heiliger; Abt, Einsiedler, 480-54708iRezensionaGrützmacher, Georg, 1866 - 1939tBräutigam, Ernst, Benedikt von Nursia und sein Ordend1926w(DE-627)147335790Xw(DE-576)40335790X08iRezensionaLempp, Eduard, 1855 - 1939tBräutigam, Ernst, Benedikt von Nursia und sein Ordend1927w(DE-627)1476109141w(DE-576)406109141